[Event "GER-chT Seniors 11th"]
[Site "Bad Segeberg"]
[Date "2002.08.12"]
[Round "7.1"]
[White "Salov, Sergej"]
[Black "Starck, Bodo"]
[Result "0-1"]
[WhiteElo "2299"]
[BlackElo "2250"]
[PlyCount "108"]
[EventDate "2002.08.06"]
[EventType "team"]
[EventRounds "7"]
[EventCountry "GER"]
[SourceTitle "EXT 2003"]
[Source "ChessBase"]
[SourceDate "2002.11.25"]
[SourceVersion "1"]
[SourceVersionDate "2002.11.25"]
[SourceQuality "1"]
[WhiteTeam "Schleswig Holstein"]
[BlackTeam "Sachsen"]
[WhiteTeamCountry "GER"]
[BlackTeamCountry "GER"]

1. e4 c6 2. d4 d5 3. Nd2 dxe4 4. Nxe4 Nf6 5. Nxf6+ exf6 6. c3 Bd6 7. Bd3 0-0 8. Qc2 Re8+ 9. Ne2 Kh8 10. 0-0 Qc7 11. Ng3 g6 12. Bd2 Be6 13. c4 Nd7 14. Bc3 Kg8 15. b4 Bf8 16. a4 Bg7 17. a5 f5 18. Rfe1 Rad8 19. Qb2 Nf8 20. Rad1 Bd7 21. Rxe8 Bxe8 22. Bxf5 gxf5 23. Nxf5 Qf4 24. Nxg7 Kxg7 25. d5+ f6 26. Rd4 Qf5 27. g4 Qf3 28. Qd2 Ng6 29. g5 Kf7 30. gxf6 cxd5 31. cxd5 Qh5 32. Qe3 Bd7 33. Re4 Re8 34. Rxe8 Qg4+ 35. Qg3 Qxg3+ 36. hxg3 Bxe8 37. f4 Bd7 38. Kf2 Nf8 39. Ke3 Bf5 40. Bd4 Nd7 41. Be5 a6 42. Kd4 h5 43. Kc4 Bh3 44. Kd4 Bg2 45. Kc4 Nxf6 46. Kc5 Nxd5 47. b5 axb5 48. Kxb5 Ne3 49. Bd4 Nf5 50. Bf2 Ke6 51. Kc5 Nh6 52. Be1 Kf5 53. Kd4 Kg4 54. Ke5 Nf5 0-1

[Event "GER-chT Seniors 11th"]
[Site "Bad Segeberg"]
[Date "2002.08.10"]
[Round "5.1"]
[White "Hoffmann, Hans"]
[Black "Starck, Bodo"]
[Result "1/2-1/2"]
[WhiteElo "2218"]
[BlackElo "2250"]
[PlyCount "20"]
[EventDate "2002.08.06"]
[EventType "team"]
[EventRounds "7"]
[EventCountry "GER"]
[SourceTitle "EXT 2003"]
[Source "ChessBase"]
[SourceDate "2002.11.25"]
[SourceVersion "1"]
[SourceVersionDate "2002.11.25"]
[SourceQuality "1"]
[WhiteTeam "Wuerttemberg II"]
[BlackTeam "Sachsen"]
[WhiteTeamCountry "GER"]
[BlackTeamCountry "GER"]

1. d4 Nf6 2. Bg5 d5 3. e3 Bf5 4. Nf3 Ne4 5. Bf4 e6 6. Nbd2 Be7 7. h3 c5 8. Nxe4 Bxe4 9. Bd3 Bxd3 10. Qxd3 Nc6 1/2-1/2

[Event "GER-chT Seniors 11th"]
[Site "Bad Segeberg"]
[Date "2002.08.07"]
[Round "2.1"]
[White "Starck, Bodo"]
[Black "Rahls, Peter"]
[Result "1/2-1/2"]
[WhiteElo "2250"]
[BlackElo "2273"]
[PlyCount "49"]
[EventDate "2002.08.06"]
[EventType "team"]
[EventRounds "7"]
[EventCountry "GER"]
[SourceTitle "EXT 2003"]
[Source "ChessBase"]
[SourceDate "2002.11.25"]
[SourceVersion "1"]
[SourceVersionDate "2002.11.25"]
[SourceQuality "1"]
[WhiteTeam "Sachsen"]
[BlackTeam "Berlin"]
[WhiteTeamCountry "GER"]
[BlackTeamCountry "GER"]

1. b4 d5 2. Bb2 Nf6 3. Nf3 Bf5 4. e3 e6 5. c4 Nbd7 6. c5 Be7 7. c6 bxc6 8. Nd4 Nb8 9. Nxc6 Nxc6 10. Bb5 0-0 11. Bxc6 Rb8 12. b5 Bd6 13. Nc3 Ng4 14. f4 d4 15. e4 dxc3 16. Bxc3 Bxf4 17. exf5 Qh4+ 18. g3 Bxg3+ 19. hxg3 Qxg3+ 20. Ke2 Qf2+ 21. Kd3 Rfd8+ 22. Kc4 Ne3+ 23. dxe3 Rxd1 24. Rhxd1 Qxf5 25. Rd7 1/2-1/2

[Event "GER-chT Seniors 11th"]
[Site "Bad Segeberg"]
[Date "2002.08.06"]
[Round "1.1"]
[White "Betz, Egon"]
[Black "Starck, Bodo"]
[Result "0-1"]
[WhiteElo "2053"]
[BlackElo "2250"]
[PlyCount "68"]
[EventDate "2002.08.06"]
[EventType "team"]
[EventRounds "7"]
[EventCountry "GER"]
[SourceTitle "EXT 2003"]
[Source "ChessBase"]
[SourceDate "2002.11.25"]
[SourceVersion "1"]
[SourceVersionDate "2002.11.25"]
[SourceQuality "1"]
[WhiteTeam "Rheinland Pfalz II"]
[BlackTeam "Sachsen"]
[WhiteTeamCountry "GER"]
[BlackTeamCountry "GER"]

1. e4 c6 2. d4 d5 3. e5 Bf5 4. Nc3 h5 5. Nge2 e6 6. Nf4 c5 7. Bb5+ Nc6 8. Bxc6+ bxc6 9. Nce2 h4 10. c3 c4 11. Ng1 Ne7 12. Ngh3 Qa5 13. 0-0 Rb8 14. Ng5 Ng6 15. Nxg6 Bxg6 16. g4 hxg3 17. fxg3 Be7 18. Nxe6 fxe6 19. Qg4 Bf5 20. Qxg7 Kd7 21. Bg5 Qd8 22. Rxf5 exf5 23. Re1 Re8 24. Qf7 Rxb2 25. Qxf5+ Kc7 26. Bf4 Kb7 27. e6 Bd6 28. Bg5 Be7 29. Bf4 Ka8 30. Qe5 Qa5 31. Qh5 Rf8 32. Qh7 Qxc3 33. Rd1 Qf3 34. Rd2 Rxd2 0-1

[Event "EU-chT Seniors 04th"]
[Site "Dresden"]
[Date "2002.02.27"]
[Round "3.2"]
[White "Starck, Bodo"]
[Black "Opl, Klaus"]
[Result "0-1"]
[WhiteElo "2261"]
[BlackElo "2263"]
[PlyCount "62"]
[EventDate "2002.02.25"]
[EventType "team-swiss"]
[EventRounds "7"]
[EventCountry "GER"]
[SourceTitle "EXT 2005"]
[Source "ChessBase"]
[SourceDate "2004.11.15"]
[SourceVersion "1"]
[SourceVersionDate "2004.11.15"]
[SourceQuality "1"]

1. d4 d5 2. c4 c6 3. Nf3 Nf6 4. Nc3 e6 5. Bg5 h6 6. Bh4 dxc4 7. e4 g5 8. Bg3 b5 9. Qc2 g4 10. Ne5 b4 11. Ne2 c3 12. bxc3 bxc3 13. Bh4 Be7 14. Rd1 Qa5 15. Nc4 Qb4 16. Bxf6 Bxf6 17. Nxc3 0-0 18. Be2 Ba6 19. e5 Bg7 20. Rb1 Qe7 21. Nd6 c5 22. Qe4 Bxe2 23. Nxe2 Nd7 24. f4 gxf3 25. gxf3 cxd4 26. Rg1 Kh8 27. f4 Qh4+ 28. Kd2 Rad8 29. Rg2 Nxe5 30. Qxd4 Rxd6 31. Qxd6 Nc4+ 0-1

[Event "GER-chT Seniors 10th"]
[Site "Rheda Wiedenbrueck"]
[Date "2001.08.17"]
[Round "6.2"]
[White "Eis, Helko"]
[Black "Starck, Bodo"]
[Result "1/2-1/2"]
[WhiteElo "2083"]
[BlackElo "2257"]
[PlyCount "49"]
[EventDate "2001.08.12"]
[EventType "team"]
[EventRounds "7"]
[EventCountry "GER"]
[SourceTitle "EXT 2002"]
[Source "ChessBase"]
[SourceDate "2001.11.25"]
[SourceVersion "1"]
[SourceVersionDate "2001.11.25"]
[SourceQuality "1"]
[WhiteTeam "Baden Seniors"]
[BlackTeam "Sachsen Seniors"]
[WhiteTeamCountry "GER"]
[BlackTeamCountry "GER"]

1. Nf3 Nf6 2. d3 d5 3. c3 c6 4. Nbd2 Nbd7 5. e4 e5 6. Be2 g6 7. 0-0 Bg7 8. Qc2 0-0 9. Nb3 Re8 10. Bg5 Qc7 11. Rad1 Nf8 12. Bc1 Bg4 13. Ne1 Bxe2 14. Qxe2 Ne6 15. g3 Rad8 16. Ng2 Qb6 17. Qc2 dxe4 18. dxe4 Qa6 19. a3 Qa4 20. f3 Nc5 21. Na1 Qxc2 22. Nxc2 Nd3 23. Be3 Nxb2 24. Rb1 Na4 25. Rxb7 1/2-1/2

[Event "GER-ch Seniors 13th"]
[Site "Dresden"]
[Date "2001.??.??"]
[Round "5"]
[White "Rotstein, Jefim"]
[Black "Starck, Bodo"]
[Result "1/2-1/2"]
[WhiteElo "2358"]
[BlackElo "2257"]
[PlyCount "159"]
[EventDate "2001.07.??"]
[EventType "swiss"]
[EventRounds "9"]
[EventCountry "GER"]
[SourceTitle "CBM 084 Extra"]
[Source "ChessBase"]
[SourceDate "2001.10.26"]
[SourceVersion "1"]
[SourceVersionDate "2001.10.26"]
[SourceQuality "1"]

1. d4 d5 2. Nf3 Nf6 3. e3 Bf5 4. c4 c6 5. Nc3 e6 6. Qb3 Qb6 7. c5 Qc7 8. Nh4 Bg6 9. Nxg6 hxg6 10. g3 Nbd7 11. e4 Nxe4 12. Nxe4 dxe4 13. Bf4 e5 14. dxe5 Nxc5 15. Qc4 g5 16. Be3 Qxe5 17. 0-0-0 Ne6 18. Bg2 Bc5 19. Rhe1 Rxh2 20. Bxe4 Bxe3+ 21. Rxe3 Qc5 22. Qxc5 Nxc5 23. Bxc6+ Kf8 24. Bd5 Rxf2 25. Rh1 Kg8 26. g4 Rf6 27. Reh3 Rh6 28. Rxh6 gxh6 29. Rxh6 Rc8 30. Kb1 Kg7 31. Rd6 Rc7 32. a3 b6 33. b4 Nd7 34. Bb3 Ne5 35. Rd4 Rc3 36. Kb2 Rg3 37. Bd1 Kf6 38. a4 Rd3 39. Rxd3 Nxd3+ 40. Kc3 Nf2 41. Be2 Ke5 42. Kc4 Ne4 43. a5 Nd6+ 44. Kd3 bxa5 45. bxa5 Nb7 46. a6 Nc5+ 47. Ke3 f6 48. Bc4 Ne4 49. Bb5 Nc3 50. Bd7 Nd5+ 51. Kf3 Kd4 52. Bc8 Nb4 53. Bb7 Nd3 54. Bc8 Ne5+ 55. Kg3 Ke3 56. Bb7 Nd3 57. Bc8 Nc1 58. Bb7 Ne2+ 59. Kg2 Kf4 60. Bc8 Nd4 61. Kh3 Nb3 62. Kg2 Nc5 63. Kh3 Kf3 64. Bb7+ Kf2 65. Bc8 Nd3 66. Kh2 Nb4 67. Kh3 Nd5 68. Kh2 Ne3 69. Kh3 Kf3 70. Bb7+ Kf4 71. Bc8 Nd1 72. Kg2 Nc3 73. Kh3 Kf3 74. Bb7+ Kf2 75. Kh2 Ne2 76. Kh3 Ng1+ 77. Kh2 Nf3+ 78. Kh3 Ne5 79. Bc8 Nf3 80. Bb7 1/2-1/2

[Event "GER-ch Seniors 13th"]
[Site "Dresden"]
[Date "2001.??.??"]
[Round "4"]
[White "Starck, Bodo"]
[Black "Schulz, Wolfgang"]
[Result "1-0"]
[WhiteElo "2257"]
[BlackElo "2150"]
[PlyCount "87"]
[EventDate "2001.07.??"]
[EventType "swiss"]
[EventRounds "9"]
[EventCountry "GER"]
[SourceTitle "CBM 084 Extra"]
[Source "ChessBase"]
[SourceDate "2001.10.26"]
[SourceVersion "1"]
[SourceVersionDate "2001.10.26"]
[SourceQuality "1"]

1. d4 d6 2. c4 e5 3. Nf3 Nd7 4. e4 Ngf6 5. Nc3 g6 6. Be2 Bg7 7. d5 0-0 8. Bg5 a5 9. Nd2 Nc5 10. 0-0 Bd7 11. b3 Qe8 12. a3 Kh8 13. b4 axb4 14. axb4 Na4 15. Nxa4 Bxa4 16. Qc1 Bd7 17. Rxa8 Qxa8 18. Qc3 Nh5 19. Bxh5 gxh5 20. Ra1 Qe8 21. Ra7 f6 22. Be3 Qg6 23. Kh1 Rg8 24. Qa3 Bf8 25. g3 h4 26. Qd3 hxg3 27. hxg3 Qg4 28. Ra1 h5 29. Kh2 Qh3+ 30. Kg1 h4 31. Qf1 Qg4 32. Qd1 Qg6 33. Qf3 Bg4 34. Qg2 Bh6 35. Nf1 Qh5 36. Bxh6 Bf3 37. Qh3 Qxh6 38. Re1 Rg4 39. Re3 Bd1 40. Re1 Qh5 41. Rxd1 Rxe4 42. Ra1 Rxc4 43. Ne3 Rxb4 44. Qd7 1-0

[Event "GER-chT Seniors 09th"]
[Site "Halle"]
[Date "2000.08.25"]
[Round "6.2"]
[White "Bierwisch, Bernhard"]
[Black "Starck, Bodo"]
[Result "0-1"]
[WhiteElo "2073"]
[BlackElo "2185"]
[PlyCount "112"]
[EventDate "2000.08.20"]
[EventType "team"]
[EventRounds "7"]
[EventCountry "GER"]
[SourceTitle "EXT 2002"]
[Source "ChessBase"]
[SourceDate "2001.11.25"]
[SourceVersion "1"]
[SourceVersionDate "2001.11.25"]
[SourceQuality "1"]

1. e4 c6 2. d4 d5 3. Nc3 dxe4 4. Nxe4 Nf6 5. Nxf6+ exf6 6. Bc4 Qe7+ 7. Qe2 Bg4 8. Qe3 Nd7 9. h3 Bf5 10. Bb3 a5 11. a4 Nb6 12. Ne2 Qxe3 13. Bxe3 Bd6 14. c4 Bb4+ 15. Nc3 Bd3 16. c5 Bc4 17. Bxc4 Nxc4 18. 0-0-0 Bxc3 19. bxc3 0-0-0 20. Kc2 Rhe8 21. Rhe1 Nxe3+ 22. Rxe3 Rxe3 23. fxe3 Rd5 24. Kd3 Rg5 25. Rd2 f5 26. c4 f4 27. Rf2 fxe3 28. Rxf7 Rxg2 29. Kxe3 Ra2 30. Rxg7 Rxa4 31. Rxh7 Rxc4 32. Kd3 Ra4 33. h4 Ra1 34. Kc3 Rc1+ 35. Kb3 Rd1 36. Ka4 Rxd4+ 37. Kxa5 Kb8 38. h5 Ka7 39. h6 Rc4 40. Rg7 Rxc5+ 41. Kb4 Rh5 42. h7 Kb6 43. Kc3 Rh4 44. Rf7 c5 45. Kd3 Ka6 46. Kc2 Rh3 47. Rg7 b5 48. Rf7 Ka5 49. Rg7 Kb4 50. Kd2 c4 51. Ke2 c3 52. Rc7 Kb3 53. Rg7 b4 54. Rf7 Kb2 55. Rb7 b3 56. Rc7 c2 0-1

[Event "GER-chT Seniors 09th"]
[Site "Halle"]
[Date "2000.08.24"]
[Round "5.2"]
[White "Starck, Bodo"]
[Black "Lange, Siegfried"]
[Result "1-0"]
[WhiteElo "2185"]
[BlackElo "1892"]
[PlyCount "53"]
[EventDate "2000.08.20"]
[EventType "team"]
[EventRounds "7"]
[EventCountry "GER"]
[SourceTitle "EXT 2002"]
[Source "ChessBase"]
[SourceDate "2001.11.25"]
[SourceVersion "1"]
[SourceVersionDate "2001.11.25"]
[SourceQuality "1"]

1. d4 e6 2. c4 f5 3. Nf3 Nf6 4. g3 d5 5. Bg2 c6 6. 0-0 Bd6 7. Qc2 0-0 8. Bf4 Bxf4 9. gxf4 Ne4 10. Ne5 Qh4 11. f3 Nf6 12. e3 Nbd7 13. Qf2 Qxf2+ 14. Rxf2 Nh5 15. Nd2 Nxe5 16. fxe5 f4 17. e4 Bd7 18. Bh3 g6 19. exd5 cxd5 20. cxd5 Kf7 21. d6 h6 22. Ne4 b6 23. Rc1 Rac8 24. Rfc2 Rxc2 25. Rxc2 Rc8 26. Rc7 Ke8 27. d5 1-0

[Event "GER-chT Seniors 09th"]
[Site "Halle"]
[Date "2000.08.23"]
[Round "4.2"]
[White "Felser, Franz"]
[Black "Starck, Bodo"]
[Result "0-1"]
[WhiteElo "1945"]
[BlackElo "2185"]
[PlyCount "82"]
[EventDate "2000.08.20"]
[EventType "team"]
[EventRounds "7"]
[EventCountry "GER"]
[SourceTitle "EXT 2002"]
[Source "ChessBase"]
[SourceDate "2001.11.25"]
[SourceVersion "1"]
[SourceVersionDate "2001.11.25"]
[SourceQuality "1"]

1. d4 Nf6 2. Nf3 d5 3. c4 c6 4. Nc3 Qb6 5. cxd5 cxd5 6. e3 Nc6 7. Bd3 Bg4 8. 0-0 e6 9. h3 Bh5 10. Na4 Qc7 11. Bd2 Bd6 12. Rc1 0-0 13. a3 Ne4 14. Nc3 Bxf3 15. gxf3 Nxd2 16. Qxd2 Qe7 17. f4 Qh4 18. Kg2 f5 19. Qd1 g5 20. fxg5 Qxg5+ 21. Kh1 Qh6 22. Qf3 Kh8 23. Nb5 Bb8 24. Be2 a6 25. Nc3 Bd6 26. Qh5 Rf6 27. Qf3 Qh4 28. Rg1 Rh6 29. Bf1 Rg6 30. Ne2 Rag8 31. Rxg6 hxg6 32. Ng3 Ne7 33. Bg2 Kg7 34. Kg1 Rf8 35. Ne2 g5 36. Ng3 g4 37. hxg4 fxg4 38. Qe2 Bxg3 39. fxg3 Qxg3 40. Rc3 Nf5 41. Qd2 Nh4 0-1

[Event "EU-chT Seniors 02nd"]
[Site "Dresden"]
[Date "2000.03.05"]
[Round "5.2"]
[White "Kowalski, Michal"]
[Black "Starck, Bodo"]
[Result "1/2-1/2"]
[WhiteElo "2152"]
[BlackElo "2261"]
[PlyCount "49"]
[EventDate "2000.03.01"]
[EventType "team-swiss"]
[EventRounds "7"]
[EventCountry "GER"]
[SourceTitle "EXT 2005"]
[Source "ChessBase"]
[SourceDate "2004.11.15"]
[SourceVersion "1"]
[SourceVersionDate "2004.11.15"]
[SourceQuality "1"]

1. Nf3 d5 2. c4 c6 3. d4 Nf6 4. Nc3 Qb6 5. e3 Bg4 6. h3 Bxf3 7. Qxf3 e6 8. Bd3 Be7 9. 0-0 Nbd7 10. b3 0-0 11. Bb2 a5 12. Rab1 Rfe8 13. Rfd1 Qc7 14. Bc2 b5 15. cxb5 cxb5 16. Rbc1 Qb7 17. Qe2 b4 18. Na4 Rec8 19. Bd3 Qa7 20. Qd2 Nb6 21. Nxb6 Qxb6 22. Rxc8+ Rxc8 23. Rc1 Rc6 24. Rxc6 Qxc6 25. Qc2 1/2-1/2

[Event "EU-chT Seniors 01st"]
[Site "Dresden"]
[Date "1999.04.15"]
[Round "7.1"]
[White "Starck, Bodo"]
[Black "Eis, Helko"]
[Result "1-0"]
[WhiteElo "2260"]
[BlackElo "2115"]
[PlyCount "63"]
[EventDate "1999.04.09"]
[EventType "team-swiss"]
[EventRounds "7"]
[EventCountry "GER"]
[SourceTitle "EXT 2005"]
[Source "ChessBase"]
[SourceDate "2004.11.15"]
[SourceVersion "1"]
[SourceVersionDate "2004.11.15"]
[SourceQuality "1"]

1. d4 d6 2. Nf3 Bg4 3. c4 Nd7 4. Qb3 Qc8 5. h3 Bxf3 6. Qxf3 e5 7. d5 a5 8. Nc3 Ngf6 9. g4 Nc5 10. e4 Be7 11. Be3 h6 12. Be2 c6 13. h4 cxd5 14. cxd5 h5 15. g5 Nfd7 16. g6 fxg6 17. Qg3 Nf8 18. f4 Bf6 19. fxe5 Bxe5 20. Bf4 Bxc3+ 21. Qxc3 Nxe4 22. Qe3 Qc2 23. Rc1 Qxb2 24. Qxe4+ Kf7 25. Rc7+ Kg8 26. Bxd6 Qa1+ 27. Bd1 Rh7 28. 0-0 Qb2 29. Bxf8 Qb6+ 30. Rc5 Rxf8 31. Qe6+ Qxe6 32. dxe6 1-0

[Event "EU-chT Seniors 01st"]
[Site "Dresden"]
[Date "1999.04.14"]
[Round "6.2"]
[White "Starck, Bodo"]
[Black "Appelt, Gerd"]
[Result "1-0"]
[WhiteElo "2260"]
[BlackElo "2005"]
[PlyCount "53"]
[EventDate "1999.04.09"]
[EventType "team-swiss"]
[EventRounds "7"]
[EventCountry "GER"]
[SourceTitle "EXT 2005"]
[Source "ChessBase"]
[SourceDate "2004.11.15"]
[SourceVersion "1"]
[SourceVersionDate "2004.11.15"]
[SourceQuality "1"]

1. d4 Nf6 2. c4 e6 3. Nc3 Bb4 4. a3 Bxc3+ 5. bxc3 c5 6. e3 Nc6 7. Bd3 b6 8. Ne2 Ba6 9. e4 d6 10. Qa4 Qc8 11. d5 exd5 12. exd5 Nxd5 13. cxd5 Bxd3 14. Qxc6+ Qxc6 15. dxc6 0-0-0 16. Be3 Rhe8 17. Ng3 Re5 18. 0-0-0 c4 19. Bd4 Rb5 20. Rhe1 Rb1+ 21. Kd2 Rb2+ 22. Ke3 Bc2 23. Ra1 f6 24. Nh5 Rg8 25. g4 Ba4 26. Kf4 Kd8 27. Nxg7 1-0

[Event "EU-chT Seniors 01st"]
[Site "Dresden"]
[Date "1999.04.12"]
[Round "4.2"]
[White "Mann, Dieter"]
[Black "Starck, Bodo"]
[Result "1/2-1/2"]
[WhiteElo "1800"]
[BlackElo "2260"]
[PlyCount "89"]
[EventDate "1999.04.09"]
[EventType "team-swiss"]
[EventRounds "7"]
[EventCountry "GER"]
[SourceTitle "EXT 2005"]
[Source "ChessBase"]
[SourceDate "2004.11.15"]
[SourceVersion "1"]
[SourceVersionDate "2004.11.15"]
[SourceQuality "1"]

1. e4 c6 2. d4 d5 3. Nc3 g6 4. exd5 cxd5 5. Nf3 Bg7 6. Be3 Nh6 7. Bb5+ Bd7 8. Bxd7+ Qxd7 9. Ne2 Nc6 10. c3 Nf5 11. Bf4 0-0 12. 0-0 e6 13. Ng3 Nd6 14. Qc1 Rfe8 15. Re1 b5 16. Ne5 Nxe5 17. Bxe5 f6 18. Bxd6 Qxd6 19. Qd2 Rab8 20. a3 a5 21. Re2 Re7 22. Rae1 Kf7 23. h4 h5 24. Qe3 f5 25. Nf1 b4 26. axb4 axb4 27. Qf3 bxc3 28. bxc3 Rb3 29. Nd2 Ra3 30. Nb1 Ra6 31. Nd2 Qa3 32. Nb1 Qa5 33. Qf4 Qc7 34. Qf3 Rc6 35. g3 Bh6 36. Re5 Qc8 37. Qe2 Rb7 38. c4 Rxc4 39. Rxe6 Rxd4 40. Re7+ Rxe7 41. Qxe7+ Kg8 42. Qf6 Re4 43. Qxg6+ Bg7 44. Rxe4 fxe4 45. Nd2 1/2-1/2

[Event "BL2-Ost 9798"]
[Site "Germany"]
[Date "1998.??.??"]
[Round "5.3"]
[White "Roth, Norbert"]
[Black "Starck, Bodo"]
[Result "1-0"]
[WhiteElo "2290"]
[BlackElo "2290"]
[PlyCount "70"]
[EventDate "1997.10.??"]
[EventType "team-tourn"]
[EventRounds "9"]
[EventCountry "GER"]
[SourceTitle "EXT 1999"]
[Source "ChessBase"]
[SourceDate "1998.11.16"]
[SourceVersion "1"]
[SourceVersionDate "1998.11.16"]
[SourceQuality "1"]
[WhiteTeam "Nuernberg"]
[BlackTeam "Dresden II"]
[WhiteTeamCountry "GER"]
[BlackTeamCountry "GER"]

1. Nf3 d5 2. g3 c6 3. Bg2 Bf5 4. 0-0 e6 5. d3 Nf6 6. Nbd2 Bc5 7. Qe1 h6 8. e4 Bh7 9. Qe2 0-0 10. b3 a5 11. a3 Qb6 12. Bb2 Nbd7 13. e5 Ne8 14. h4 Be7 15. Bh3 a4 16. b4 c5 17. c4 dxc4 18. Nxc4 Qa6 19. Bc3 Nc7 20. Bd2 Nd5 21. Rfb1 cxb4 22. axb4 b5 23. Na3 Rfc8 24. Rb2 N7b6 25. Nd4 Nc3 26. Qg4 Kh8 27. Qf3 Nbd5 28. Qxf7 Rf8 29. Qxe6 Qa7 30. Naxb5 Nxb5 31. Nxb5 Qxf2+ 32. Kh1 Qxg3 33. Be1 Qxd3 34. Nd6 Bxd6 35. exd6 Nf4 1-0